[Event "Vienna Ottakring 100 Years"]
[Site "Vienna"]
[Date "2023.08.29"]
[Round "4"]
[White "Powierski, Emil"]
[Black "Begri, Felix"]
[Result "1-0"]
[WhiteElo "2291"]
[BlackElo "1985"]
[PlyCount "43"]
[EventDate "2023.08.26"]
[EventType "swiss"]
[EventRounds "9"]
[EventCountry "AUT"]
[SourceTitle "EXT 2024"]
[Source "ChessBase"]
[SourceDate "2023.10.10"]
[SourceVersion "1"]
[SourceVersionDate "2023.10.10"]
[SourceQuality "1"]

1. e4 c5 2. c3 Nf6 3. e5 Nd5 4. Bc4 Nb6 5. Bb3 Nc6 6. d4 cxd4 7. cxd4 d6 8. e6 fxe6 9. Nc3 g6 10. h4 Bg7 11. Nf3 0-0 12. Be3 Na5 13. h5 Nxb3 14. Qxb3 d5 15. hxg6 hxg6 16. Ne5 Bxe5 17. dxe5 Qe8 18. 0-0-0 Nc4 19. Rh3 Nxe3 20. fxe3 Qc6 21. Qb4 Qc7 22. Qh4 1-0

[Event "Eschborn op"]
[Site "Eschborn"]
[Date "2018.10.06"]
[Round "2"]
[White "Begri, Felix"]
[Black "Becker, Guenter"]
[Result "1-0"]
[WhiteElo "1990"]
[BlackElo "1594"]
[PlyCount "47"]
[EventDate "2018.10.05"]
[EventType "swiss"]
[EventRounds "5"]
[EventCountry "GER"]
[SourceTitle "CBM 187 Extra"]
[Source "ChessBase"]
[SourceDate "2018.11.04"]
[SourceVersion "1"]
[SourceVersionDate "2018.11.04"]
[SourceQuality "1"]

1. d4 c6 2. c4 d5 3. Nc3 g6 4. Nf3 Bg7 5. cxd5 cxd5 6. e3 Nf6 7. Ne5 0-0 8. Be2 Nc6 9. Nxc6 bxc6 10. 0-0 a5 11. f3 Ba6 12. Bxa6 Rxa6 13. Bd2 Re8 14. Rc1 e5 15. dxe5 Rxe5 16. Ne2 Qb6 17. Qc2 Nd7 18. Kh1 Re8 19. b3 Bf8 20. Nc3 Qc5 21. Qd3 Qa7 22. Na4 Nc5 23. Nxc5 Bxc5 24. Rxc5 1-0

[Event "Eschborn op"]
[Site "Eschborn"]
[Date "2018.10.06"]
[Round "3"]
[White "Begri, Felix"]
[Black "Staiger, Frank"]
[Result "1/2-1/2"]
[WhiteElo "1990"]
[BlackElo "2177"]
[PlyCount "28"]
[EventDate "2018.10.05"]
[EventType "swiss"]
[EventRounds "5"]
[EventCountry "GER"]
[SourceTitle "CBM 187 Extra"]
[Source "ChessBase"]
[SourceDate "2018.11.04"]
[SourceVersion "1"]
[SourceVersionDate "2018.11.04"]
[SourceQuality "1"]

1. d4 Nf6 2. c4 e6 3. g3 d5 4. Bg2 c6 5. Nf3 Nbd7 6. 0-0 dxc4 7. a4 Nd5 8. e4 Nb4 9. Na3 b6 10. Nxc4 Ba6 11. b3 b5 12. axb5 Bxb5 13. Bg5 f6 14. Bf4 Nb6 1/2-1/2

[Event "Eschborn op"]
[Site "Eschborn"]
[Date "2018.10.06"]
[Round "4"]
[White "Herbold, Manfred"]
[Black "Begri, Felix"]
[Result "1-0"]
[WhiteElo "2074"]
[BlackElo "1990"]
[PlyCount "45"]
[EventDate "2018.10.05"]
[EventType "swiss"]
[EventRounds "5"]
[EventCountry "GER"]
[SourceTitle "CBM 187 Extra"]
[Source "ChessBase"]
[SourceDate "2018.11.04"]
[SourceVersion "1"]
[SourceVersionDate "2018.11.04"]
[SourceQuality "1"]

1. e4 c5 2. b4 cxb4 3. a3 d5 4. exd5 Qxd5 5. Nf3 e5 6. Bb2 Nc6 7. c4 Qe6 8. Bd3 bxa3 9. Nxa3 Bxa3 10. Rxa3 Nge7 11. 0-0 f6 12. Re1 0-0 13. Qb1 g6 14. Bc2 Qd7 15. Qa1 Nf5 16. Bxf5 Qxf5 17. Rb3 Rd8 18. d4 exd4 19. Nxd4 Nxd4 20. Bxd4 Qf4 21. Bxf6 Rf8 22. Rf3 Qxc4 23. Bh8 1-0

[Event "Kiel op 31st"]
[Site "Kiel"]
[Date "2018.08.03"]
[Round "9"]
[White "Begri, Felix"]
[Black "Haag, Martin"]
[Result "1/2-1/2"]
[WhiteElo "1984"]
[BlackElo "2229"]
[PlyCount "77"]
[EventDate "2018.07.28"]
[EventType "swiss"]
[EventRounds "9"]
[EventCountry "GER"]
[SourceTitle "CBM 185 Extra"]
[Source "ChessBase"]
[SourceDate "2018.07.29"]
[SourceVersion "1"]
[SourceVersionDate "2018.07.29"]
[SourceQuality "1"]

1. d4 d6 2. e4 Nf6 3. f3 e5 4. d5 Be7 5. Be3 0-0 6. Qd2 c6 7. c4 a5 8. Nc3 Nbd7 9. Nh3 Nc5 10. Nf2 Nfd7 11. Be2 a4 12. 0-0 Qa5 13. Rad1 Nb6 14. f4 exf4 15. Bxf4 Rd8 16. e5 cxd5 17. exd6 Bxd6 18. Bxd6 Rxd6 19. Qf4 Rf6 20. Qc7 Be6 21. cxd5 Bf5 22. Ng4 Bxg4 23. Rxf6 gxf6 24. Bxg4 Nc4 25. Qg3 Kf8 26. Qh4 Ne5 27. Qh6+ Kg8 28. Qxf6 Ng6 29. Rf1 Rf8 30. a3 Nd3 31. Qd4 Qc5 32. Qxc5 Nxc5 33. Bd1 Rd8 34. Bc2 Ne5 35. Rd1 Nc4 36. Rd4 Nxb2 37. Rb4 Nbd3 38. Rg4+ Kf8 39. Nxa4 1/2-1/2

[Event "Kiel op 31st"]
[Site "Kiel"]
[Date "2018.07.29"]
[Round "4"]
[White "Kaulich, Philipp Theodor"]
[Black "Begri, Felix"]
[Result "1/2-1/2"]
[WhiteElo "2157"]
[BlackElo "1984"]
[PlyCount "84"]
[EventDate "2018.07.28"]
[EventType "swiss"]
[EventRounds "9"]
[EventCountry "GER"]
[SourceTitle "CBM 185 Extra"]
[Source "ChessBase"]
[SourceDate "2018.07.29"]
[SourceVersion "1"]
[SourceVersionDate "2018.07.29"]
[SourceQuality "1"]

1. e4 c5 2. c3 Nf6 3. e5 Nd5 4. d4 cxd4 5. Nf3 Nc6 6. Bc4 Nb6 7. Bb3 d5 8. exd6 Qxd6 9. 0-0 g6 10. Ng5 e6 11. Qf3 Qe7 12. Re1 Bg7 13. a4 0-0 14. Qh3 h5 15. a5 e5 16. Qg3 Nd7 17. Nf3 Nc5 18. Bc4 Be6 19. Bxe6 Qxe6 20. Nxd4 Nxd4 21. cxd4 Nb3 22. d5 Qxd5 23. Nc3 Qe6 24. Ra3 Nxc1 25. Rxc1 Rac8 26. Re1 Rfd8 27. Qe3 Bf8 28. Raa1 Bc5 29. Qxe5 Qxe5 30. Rxe5 Bd4 31. Re7 Bxc3 32. bxc3 Rxc3 33. g3 Rc2 34. Ra3 Rb2 35. a6 bxa6 36. Rxa6 Rd1+ 37. Kg2 Rb6 38. Raxa7 Rf6 39. Re3 Rd2 40. Rf3 Rxf3 41. Kxf3 Kg7 42. h4 Rb2 1/2-1/2

[Event "Kiel op 31st"]
[Site "Kiel"]
[Date "2018.07.28"]
[Round "1"]
[White "Begri, Felix"]
[Black "Hu, Yik Kwan"]
[Result "0-1"]
[WhiteElo "1984"]
[BlackElo "1504"]
[PlyCount "144"]
[EventDate "2018.07.28"]
[EventType "swiss"]
[EventRounds "9"]
[EventCountry "GER"]
[SourceTitle "CBM 185 Extra"]
[Source "ChessBase"]
[SourceDate "2018.07.29"]
[SourceVersion "1"]
[SourceVersionDate "2018.07.29"]
[SourceQuality "1"]

1. d4 Nf6 2. c4 e6 3. g3 c5 4. d5 exd5 5. cxd5 b5 6. e4 Nxe4 7. Bg2 Nd6 8. Ne2 Be7 9. 0-0 0-0 10. Bf4 Bb7 11. Nbc3 Qb6 12. Re1 Na6 13. a4 b4 14. a5 Qd8 15. Nb1 Re8 16. Nd2 Bf8 17. Qc2 Qf6 18. h4 h6 19. Rad1 Qf5 20. Qxf5 Nxf5 21. Bh3 Ne7 22. d6 Ng6 23. Nc4 Bc6 24. h5 Nxf4 25. Nxf4 Rad8 26. Ne5 Nb8 27. Bf1 Ba4 28. Rd5 Bb3 29. Rd2 Rc8 30. Re3 f6 31. Rxb3 Rxe5 32. Bc4+ Kh7 33. Bd3+ f5 34. g4 c4 35. Rc2 Bxd6 36. Bxf5+ Rxf5 37. gxf5 Bxf4 38. Rxb4 d5 39. b3 Na6 40. Rb7 Nc5 41. Rb4 cxb3 42. Rxb3 Nxb3 43. Rxc8 Nxa5 44. Rd8 Nc6 45. Rxd5 Ne7 46. Rd7 Bg5 47. Rxa7 Nxf5 48. Kg2 Kg8 49. Kh3 Ne7 50. Kg4 Kf7 51. f4 Bf6 52. f5 Ke8 53. Rb7 Nd5 54. Ra7 Kd8 55. Rb7 Nc7 56. Kf4 Kd7 57. Ke4 Kc6 58. Rb1 Nb5 59. Rg1 Nc3+ 60. Kf3 Kd5 61. Re1 Nb5 62. Kg4 Nc3 63. Re8 Kd4 64. Re6 Nd5 65. Re8 Ne3+ 66. Kf3 Nxf5 67. Re4+ Kd3 68. Ra4 Nd4+ 69. Kg4 Ke4 70. Ra8 Nc6 71. Rc8 Ne5+ 72. Kh3 Kf4 0-1

[Event "Kiel op 31st"]
[Site "Kiel"]
[Date "2018.07.28"]
[Round "2"]
[White "Karlisch, Moritz"]
[Black "Begri, Felix"]
[Result "0-1"]
[WhiteElo "1839"]
[BlackElo "1984"]
[PlyCount "52"]
[EventDate "2018.07.28"]
[EventType "swiss"]
[EventRounds "9"]
[EventCountry "GER"]
[SourceTitle "CBM 185 Extra"]
[Source "ChessBase"]
[SourceDate "2018.07.29"]
[SourceVersion "1"]
[SourceVersionDate "2018.07.29"]
[SourceQuality "1"]

1. d4 Nf6 2. c4 e6 3. Nf3 d5 4. Nc3 Bb4 5. cxd5 exd5 6. Qa4+ Nc6 7. Bg5 h6 8. Bh4 0-0 9. e3 Re8 10. Be2 g5 11. Bg3 Ne4 12. Rc1 h5 13. h4 Nxg3 14. fxg3 Rxe3 15. Kf2 Qe7 16. Qc2 Bxc3 17. bxc3 g4 18. Ne5 Nxe5 19. Kxe3 Nc4+ 20. Kf2 Qe3+ 21. Kf1 Bf5 22. Qxf5 Qxc1+ 23. Kf2 Qe3+ 24. Kf1 Nd2+ 25. Ke1 Ne4 26. Qf4 Qxc3+ 0-1

[Event "Rheinland Pfalz op 10th"]
[Site "Nickenich"]
[Date "2018.05.31"]
[Round "2"]
[White "Wilk, Jan"]
[Black "Begri, Felix"]
[Result "0-1"]
[WhiteElo "1762"]
[BlackElo "1998"]
[PlyCount "74"]
[EventDate "2018.05.31"]
[EventType "swiss"]
[EventRounds "7"]
[EventCountry "GER"]
[SourceTitle "CBM 184 Extra"]
[Source "ChessBase"]
[SourceDate "2018.06.28"]
[SourceVersion "1"]
[SourceVersionDate "2018.06.28"]
[SourceQuality "1"]

1. d4 Nf6 2. Nf3 e6 3. Bf4 d5 4. e3 c5 5. c3 Be7 6. Bd3 0-0 7. Nbd2 Nc6 8. Ne5 c4 9. Bc2 Nxe5 10. dxe5 Nd7 11. h4 f5 12. Nf3 Nc5 13. Bg5 b5 14. Bxe7 Qxe7 15. Nd4 Bd7 16. f4 a5 17. g4 b4 18. gxf5 bxc3 19. bxc3 exf5 20. Nxf5 Bxf5 21. Bxf5 Qf7 22. Bc2 Rae8 23. Qe2 Rb8 24. Rb1 Rxb1+ 25. Bxb1 Qb7 26. 0-0 Qb6 27. Kh2 Rb8 28. Kg3 Na4 29. Qd2 Qc5 30. Qd4 Qxd4 31. cxd4 Nc3 32. Bf5 Rb6 33. Rf2 g6 34. Rc2 Nd1 35. Bd7 Kf8 36. Kf3 Nb2 37. Bc6 Nd3 0-1

[Event "Rhein Main op-A 20th"]
[Site "Bad Homburg"]
[Date "2017.06.17"]
[Round "6"]
[White "Begri, Felix"]
[Black "Budzyn, Matthias"]
[Result "1-0"]
[WhiteElo "1906"]
[BlackElo "2140"]
[PlyCount "95"]
[EventDate "2017.06.14"]
[EventType "swiss"]
[EventRounds "7"]
[EventCountry "GER"]
[SourceTitle "EXT 2018"]
[Source "ChessBase"]
[SourceDate "2017.10.13"]
[SourceVersion "1"]
[SourceVersionDate "2017.10.13"]
[SourceQuality "1"]

1. d4 Nf6 2. c4 g6 3. Nc3 d5 4. Nf3 Bg7 5. Qb3 dxc4 6. Qxc4 0-0 7. e4 Nc6 8. Be2 Nd7 9. Be3 e5 10. d5 Nd4 11. Bxd4 exd4 12. Nb5 d3 13. Bxd3 Bxb2 14. Rb1 Ne5 15. Nxe5 Bxe5 16. 0-0 a6 17. Nc3 b5 18. Qb3 c5 19. Qc2 c4 20. Be2 Qf6 21. Nd1 Qd6 22. g3 Bh3 23. Re1 f5 24. Bf1 Bxf1 25. Rxf1 f4 26. a4 Qd7 27. axb5 axb5 28. f3 fxg3 29. hxg3 Bxg3 30. Qg2 Be5 31. Nf2 Rab8 32. Ng4 Bd4+ 33. Kh1 Qe7 34. Qg3 h5 35. Nh2 Kh7 36. Rbe1 b4 37. d6 Qe5 38. f4 Qxd6 39. Rd1 Rbd8 40. Nf3 Qxf4 41. Ng5+ Kh6 42. Rxf4 Be5 43. Rg1 Rd6 44. Nf7+ Rxf7 45. Qg5+ Kg7 46. Rxf7+ Kxf7 47. Qxe5 Re6 48. Rf1+ 1-0

[Event "Rhein Main op-A 20th"]
[Site "Bad Homburg"]
[Date "2017.06.16"]
[Round "4"]
[White "Begri, Felix"]
[Black "Marquardt, Christian"]
[Result "1/2-1/2"]
[WhiteElo "1906"]
[BlackElo "2121"]
[PlyCount "42"]
[EventDate "2017.06.14"]
[EventType "swiss"]
[EventRounds "7"]
[EventCountry "GER"]
[SourceTitle "EXT 2018"]
[Source "ChessBase"]
[SourceDate "2017.10.13"]
[SourceVersion "1"]
[SourceVersionDate "2017.10.13"]
[SourceQuality "1"]

1. d4 Nf6 2. c4 c5 3. d5 b5 4. cxb5 a6 5. bxa6 g6 6. Nc3 Bxa6 7. e4 Bxf1 8. Kxf1 d6 9. Nf3 Bg7 10. g3 0-0 11. Kg2 Nbd7 12. a4 Qb6 13. Ra3 Ng4 14. Qc2 Rfc8 15. h3 Nge5 16. Nxe5 Nxe5 17. Nb5 Qb7 18. f4 Nd7 19. b3 f5 20. Rd1 Nf6 21. exf5 Nxd5 1/2-1/2

[Event "Rhein Main op-A 20th"]
[Site "Bad Homburg"]
[Date "2017.06.15"]
[Round "3"]
[White "Feicht, Arno"]
[Black "Begri, Felix"]
[Result "0-1"]
[WhiteElo "2036"]
[BlackElo "1906"]
[PlyCount "62"]
[EventDate "2017.06.14"]
[EventType "swiss"]
[EventRounds "7"]
[EventCountry "GER"]
[SourceTitle "EXT 2018"]
[Source "ChessBase"]
[SourceDate "2017.10.13"]
[SourceVersion "1"]
[SourceVersionDate "2017.10.13"]
[SourceQuality "1"]

1. e4 c5 2. a3 g6 3. b4 Bg7 4. Nc3 cxb4 5. axb4 d6 6. Rb1 Nf6 7. d4 0-0 8. Be2 Nbd7 9. h4 a5 10. b5 e5 11. d5 Nc5 12. Bf3 Nfd7 13. Nge2 f5 14. Ng3 Nf6 15. Ba3 fxe4 16. Ncxe4 Nfxe4 17. Bxe4 Qb6 18. 0-0 Rf4 19. Bxc5 Qxc5 20. h5 Bg4 21. Qd3 Raf8 22. hxg6 Rxf2 23. gxh7+ Kh8 24. Rxf2 Qxf2+ 25. Kh2 Rf6 26. Bg6 Rf3 27. Ne4 Qh4+ 28. Kg1 Rxd3 29. cxd3 Bh6 30. Nf2 Be3 31. Rf1 Be2 0-1

[Event "Rhein Main op-A 19th"]
[Site "Bad Homburg"]
[Date "2016.05.28"]
[Round "5"]
[White "Euler, Stephan"]
[Black "Begri, Felix"]
[Result "1/2-1/2"]
[WhiteElo "2062"]
[BlackElo "1935"]
[PlyCount "72"]
[EventDate "2016.05.25"]
[EventType "swiss"]
[EventRounds "7"]
[EventCountry "GER"]
[SourceTitle "EXT 2017"]
[Source "ChessBase"]
[SourceDate "2016.10.25"]
[SourceVersion "1"]
[SourceVersionDate "2016.10.25"]
[SourceQuality "1"]

1. e4 c5 2. c3 Nf6 3. e5 Nd5 4. Bc4 Nb6 5. Bb3 Nc6 6. Nf3 d6 7. exd6 Qxd6 8. d4 cxd4 9. cxd4 Be6 10. Be3 Bxb3 11. Qxb3 e6 12. Nc3 Rc8 13. 0-0 Be7 14. d5 Nxd5 15. Nxd5 exd5 16. Qxb7 0-0 17. Rac1 Rc7 18. Qa6 Rfc8 19. Rfe1 Qd7 20. Bf4 Nb4 21. Rxc7 Rxc7 22. Qe2 Rb7 23. a3 Nc6 24. h3 h6 25. Rd1 Qf5 26. Qd2 Bf6 27. b4 Rd7 28. Rc1 Ne7 29. Nd4 Qe4 30. Be3 Nf5 31. Nxf5 Qxf5 32. Bd4 Bg5 33. Be3 Bf6 34. Bd4 Bg5 35. Be3 Bf6 36. Bd4 Bg5 1/2-1/2

[Event "Rhein Main op-A 19th"]
[Site "Bad Homburg"]
[Date "2016.05.25"]
[Round "1"]
[White "Busch, Lorenz"]
[Black "Begri, Felix"]
[Result "1-0"]
[WhiteElo "2116"]
[BlackElo "1935"]
[PlyCount "113"]
[EventDate "2016.05.25"]
[EventType "swiss"]
[EventRounds "7"]
[EventCountry "GER"]
[SourceTitle "EXT 2017"]
[Source "ChessBase"]
[SourceDate "2016.10.25"]
[SourceVersion "1"]
[SourceVersionDate "2016.10.25"]
[SourceQuality "1"]

1. e4 c5 2. Nf3 d6 3. d4 cxd4 4. Nxd4 Nf6 5. Nc3 a6 6. Bc4 e6 7. 0-0 Be7 8. Qf3 0-0 9. Bb3 Qc7 10. Qg3 Nc6 11. Nxc6 Qxc6 12. Bh6 Ne8 13. Rfd1 Bf6 14. Rd3 Bd7 15. Re1 Rc8 16. Bf4 b5 17. Nd1 a5 18. c3 a4 19. Bc2 e5 20. Bd2 Be6 21. b3 d5 22. exd5 Bxd5 23. Bc1 Be4 24. Rd2 Bxc2 25. Rxc2 Rd8 26. Ne3 Rd3 27. Ba3 axb3 28. axb3 Nd6 29. Qg4 Rd8 30. Bb4 Ne8 31. Nf5 Qd5 32. Be7 Rd1 33. Rce2 Qd2 34. Kf1 Rxe1+ 35. Rxe1 Bxe7 36. Nxe7+ Kh8 37. Nc6 Qd3+ 38. Qe2 Qxe2+ 39. Kxe2 Rc8 40. Nxe5 Rxc3 41. b4 Rc7 42. Kd3 Nf6 43. Ra1 g6 44. Ra8+ Kg7 45. Rb8 Nd5 46. Rxb5 Nf4+ 47. Ke4 Nxg2 48. Rc5 Ra7 49. b5 Ra1 50. Rc7 Re1+ 51. Kd4 Rd1+ 52. Kc5 Kf6 53. Nd7+ Ke7 54. Nb6+ Ke6 55. Rc6+ Ke7 56. Nd5+ Kd7 57. Rd6+ 1-0

[Event "Mittelrhein Verbandsliga Ost 1415"]
[Site "Mittelrhein"]
[Date "2014.11.09"]
[Round "4.3"]
[White "Begri, Felix"]
[Black "Weigant, Wladimir"]
[Result "1/2-1/2"]
[WhiteElo "1842"]
[BlackElo "2193"]
[PlyCount "95"]
[EventDate "2014.09.07"]
[EventType "team-tourn"]
[EventRounds "11"]
[EventCountry "GER"]
[SourceTitle "EXT 2023"]
[Source "ChessBase"]
[SourceDate "2022.10.05"]
[SourceVersion "1"]
[SourceVersionDate "2022.10.05"]
[SourceQuality "1"]
[WhiteTeam "Fritzdorf"]
[BlackTeam "Bonn Stadtverwaltung"]
[WhiteTeamCountry "GER"]
[BlackTeamCountry "GER"]

1. d4 Nf6 2. c4 Nc6 3. Nf3 d6 4. Nc3 Bg4 5. e3 e5 6. Qb3 Qc8 7. d5 Nb8 8. Nd2 Be7 9. Nde4 0-0 10. Nxf6+ Bxf6 11. Ne4 Be7 12. h4 Nd7 13. f3 Bf5 14. Nf2 Nc5 15. Qd1 a5 16. e4 Bd7 17. g4 Qd8 18. h5 c6 19. Be3 Qb6 20. Qd2 Rfc8 21. g5 Qb4 22. Nd3 Nxd3+ 23. Bxd3 Qxd2+ 24. Bxd2 a4 25. f4 exf4 26. Bxf4 c5 27. 0-0-0 b5 28. g6 fxg6 29. hxg6 h6 30. e5 dxe5 31. Bxe5 Bg5+ 32. Kb1 bxc4 33. Bxc4 Bf5+ 34. Bd3 Bxd3+ 35. Rxd3 c4 36. Rf3 Rf8 37. Rhf1 Rxf3 38. Rxf3 Rf8 39. Rxf8+ Kxf8 40. d6 h5 41. Kc2 h4 42. Kc3 h3 43. Kxc4 Ke8 44. b4 axb3 45. axb3 Kd7 46. Kd3 Ke6 47. Bh2 Kf5 48. Ke2 1/2-1/2

[Event "Maastricht Limburg op-B 6th"]
[Site "Maastricht"]
[Date "2012.05.27"]
[Round "5"]
[White "Peter, Laurenz"]
[Black "Begri, Felix"]
[Result "0-1"]
[WhiteElo "1880"]
[BlackElo "1893"]
[PlyCount "78"]
[EventDate "2012.05.25"]
[EventType "swiss"]
[EventRounds "7"]
[EventCountry "NED"]
[SourceTitle "EXT 2013"]
[Source "ChessBase"]
[SourceDate "2012.11.22"]
[SourceVersion "1"]
[SourceVersionDate "2012.11.22"]
[SourceQuality "1"]

1. d4 Nf6 2. c4 e6 3. Nf3 d5 4. g3 Be7 5. Bg2 0-0 6. 0-0 dxc4 7. Qc2 a6 8. a4 Bd7 9. Ne5 Nd5 10. Qxc4 b5 11. Qb3 Nc6 12. Bxd5 exd5 13. Qxd5 Nxe5 14. Qxe5 Bf6 15. Qc5 Bh3 16. Rd1 Re8 17. Nc3 c6 18. f3 Bd7 19. Bf4 Be7 20. Bd6 Bxd6 21. Qxd6 Re6 22. Qc5 Rg6 23. Kf2 Rh6 24. h4 f5 25. Rh1 b4 26. Qxb4 f4 27. Ne4 fxg3+ 28. Kxg3 Rg6+ 29. Kf2 Rb8 30. Qc3 Be6 31. Ng5 Bd5 32. e4 Rb3 33. Qc2 Qb8 34. Rab1 Bf7 35. e5 Bd5 36. Rh3 Qb4 37. Kg2 Qxd4 38. Qe2 Rd3 39. Kh2 Rd2 0-1

[Event "Bad Godesberg op 15th"]
[Site "Bad Godesberg"]
[Date "2011.07.30"]
[Round "8"]
[White "Begri, Felix"]
[Black "Eisentraut, Dieter"]
[Result "1-0"]
[WhiteElo "1827"]
[BlackElo "1814"]
[PlyCount "60"]
[EventDate "2011.07.23"]
[EventType "swiss"]
[EventRounds "9"]
[EventCountry "GER"]
[SourceTitle "EXT 2017"]
[Source "ChessBase"]
[SourceDate "2016.10.25"]
[SourceVersion "1"]
[SourceVersionDate "2016.10.25"]
[SourceQuality "1"]

1. d4 e6 2. c4 d5 3. Nf3 Nf6 4. g3 Bb4+ 5. Bd2 Be7 6. Bg2 0-0 7. 0-0 c6 8. Qc2 Nbd7 9. cxd5 exd5 10. Nc3 Re8 11. a3 Bf8 12. b4 a5 13. b5 cxb5 14. Nxb5 Rxe2 15. Qd3 Re7 16. Rfc1 Ra6 17. Nc7 Nc5 18. Rxc5 Rxc7 19. Rxa5 Rac6 20. Ra8 Ne4 21. Ne5 Rc2 22. Rd1 Qf6 23. Bxe4 dxe4 24. Qxe4 b5 25. d5 Bb7 26. Ng4 Qb6 27. Rxf8+ Kxf8 28. Bb4+ R7c5 29. Re1 g6 30. Bxc5+ Kg7 1-0